Регионална библиотека "Любен Каравелов" - Русе

О, Дъмбо! (Запис номер 55227)

MARC детайли
000 -Лидер
Контролно поле с фиксирана дължина 01370nam a2200373 c 4500
003 - Код на организацията, давaща контролен номер
Контролно поле BLK
005 - Дата и час на последна редакция
Контролно поле 20240710154847.0
008 - Елементи от данни с фиксирана дължина
fixed length control field 180408b bul|||||r ||||||| ||bul||
010 ## - Наследен системен номер
LC control number KNG00059192000
020 ## - Международен стандартен номер на книга ISBN
Международен стандартен номер на книга ISBN 954-446-825-0
-- издат.: Егмонт България
040 ## - Източник на каталожния запис
Идентификатор на билиотеката - собственик на записа BLK
041 ## - Код за език
Код за езика на текст/звукозапис или на отделно заглавие Български
Код за езика КДБФ Български
080 ## - УДК
Текстов определител УДК Издания за деца и юноши. Книжки-картинки. Читанки. Вж и 372.4
УДК код - определител по УДК 087.5
УДК определител
УДК - код + определител 087.5
139 ## - Редно поле
Редна дума О, Дъмбо!
Авторски знак О - О 11
245 10 - Сведения за заглавието
Заглавие О, Дъмбо!
Редно поле (дума) прев. Ирина Димитрова.
257 ## - Страна на издаване
Страна на създаване/издаване Съединени американски щати
260 ## - Област на издателските данни
-- София
Име на издателя, разпространителя и проч. Егмонт България
Година на издаване 2004
300 ## - Физическа характеристика
Страници 20 с.
Илюстрации и др. с цв. ил.
Размери/Мащаб 16Х16 см
380 ## - Жанр
Жанр Детска отраслова лит.
500 ## - Общи забележки
Забележка Ориг. загл. Oh No, Dumbo! - Изд. на Disney.
650 #4 - Допълнително описание по предмет – тема
Основно описание – тема или топоним Книжки-картинки
9 (RLIN) 267880
650 #4 - Допълнително описание по предмет – тема
Основно описание – тема или топоним Книги-игри
9 (RLIN) 158798
653 ## - Ключова дума – ненормативна
Ключова дума книги-игри
653 ## - Ключова дума – ненормативна
Ключова дума книжки-картинки
653 ## - Ключова дума – ненормативна
Ключова дума литература за деца
653 ## - Ключова дума – ненормативна
Ключова дума детска литература
700 1# - Други автори (авторска отговорност)
Лично име Димитрова, Ирина
Автороска отговорност (Описва отношението между автора и произведението) прев.
9 (RLIN) 363468
852 ## - Местоположение
Форматна сигнатура Цб І 31975
856 4# - Електронен адрес и достъп
Електронен формат pdf - файл
Път до файла /url/
856 4# - Електронен адрес и достъп
Електронен формат pdf - файл
Път до файла /url/
942 ## - АРТИКУЛИ
Вид на библиотечния материал Книги
Скрит в OPAC Не
Koha issues (borrowed), all copies 3
944 ## - СЪЗДАВАНЕ И РЕДАКЦИЯ на ЗАПИСА
Създаване/Редакция Създаване
Дата на регистрацията/редакция 05.04.2006
Статус, дата на статуса Диана Гривева
Служител, извършил регистрацията/редакцията 30529
944 ## - СЪЗДАВАНЕ И РЕДАКЦИЯ на ЗАПИСА
Създаване/Редакция Редакция
Дата на регистрацията/редакция 23.10.2015
Статус, дата на статуса ф /
Служител, извършил регистрацията/редакцията Людмила_Стоянова
999 ## - СИСТЕМНИ КОНТРОЛНИ НОМЕРА
Koha biblionumber 55227
Koha biblioitemnumber 55227
Наличности
Код за отписване Код за изгубен артикул Код за повреда Коз за рестрикции Код за отдаване Артикулен № Име на библиотеката - собственик Име на библиотеката, в която се намира в момента Статус (Текущо местоположение) Дата на вписване в системата Местоположение - отдел Цена в лева Инвентарен номер Систематично азбучна сигнатура Баркод Номер на екземпляра Цена в евро Служебна бележка Служебен тип на артикула
  Не е изгубен Не е повреден без рестрикции ползва се в читалня 86944 Регионална библиотека "Любен Каравелов" Русе Регионална библиотека "Любен Каравелов" Русе Хранилище 2006-04-05 Хранилище 0.99 120000701500 Цб І 31975 120000701500 1 0.51 Дост: Dp Вид: Д N: 12 Дата: 10.03.2005 Книги
  Не е изгубен Не е повреден без рестрикции заемане за дома 86945 Регионална библиотека "Любен Каравелов" Русе Регионална библиотека "Любен Каравелов" Русе Детски отдел 2015-07-27 Детски отдел 0.99 120000790667 ДН 0/О 11 120000790667 2 0.51 Дост: DA Вид: А N: 14 Дата: 27.07.2015 Дата инв: 26.10.2015 Бележки инв: Д2015 Книги
Vip Innovations Ltd, Rousse, Bulgaria 2025